T.C. Anayasası çalışma hayatı ile ilgili uluslararası sözleşmeler (Record no. 6322)

MARC details
000 -BAŞLIK
Sabit Uzunlukta Kontrol Alanı 01095na a2200277 4500
001 - KONTROL NUMARASI
Denetim Alanı 17144
003 - KONTROL NUMARASI IDENTIFIER
Denetim Alanı MIRAKIL
005 - SON İŞLEM TARİHİ VE ZAMANI
Denetim Alanı 20181213155103.0
008 - SABİT-BOY VERİ ELEMANLARI - GENEL BİLGİLER
Sabit Uzunlukta Kontrol Alanı 161022b tu 000 0
035 ## - SİSTEM KONTROL NUMARASI
Sistem Kontrol Numarası 17144
040 ## - KATALOGLAMA KAYNAK
Orijinal Kataloglama Ajansı Milas
Kataloglama Dili tur
Metne Dönüştürmek Ajansı TR-AnCHP
041 ## - DİL KODU
Metin / Ses Parça Veya Ayrı Başlığın Dil Kodu tur
082 ## - DEWEY ONLU SINIFLANDIRMA NUMARASI
Sınıflandırma Numarası 341.763026
Ürün Numarası T39t [t.y.]
090 ## - SINIFLAMA NUMARASI
Sınıflama Numarası 341.763026 T39t [t.y.]
110 ## - ANA GİRİŞ - KURUMSAL ADI
Giriş Elemanı Olarak Kurumsal Ad Veya Yargı Alanı Adı Türkiye Ticaret, Kooperatif, Eğitim, Büro ve Güzel Sanatlar İşçileri Sendikası (TEZ-KOOP-İŞ)
245 ## - BAŞLIK TABLOSU
Başlık T.C. Anayasası çalışma hayatı ile ilgili uluslararası sözleşmeler
Sorumluluk Tablosu, Vb Türkiye Ticaret, Kooperatif, Eğitim, Büro ve Güzel Sanatlar İşçileri Sendikası (TEZ-KOOP-İŞ)
246 ## - UNVAN FORM VARYING
Başlık Doğru / Kısa Başlığı uluslararası sözleşmeler
260 ## - YAYIN, DAĞITIM, VB
Yayın, Dağıtım, Vb Yeri Ankara
Yayıncı, Dağıtıcı, Vs Adı TEZ-KOOP-İŞ
Yayın, Dağıtım, Vb Tarihi [t.y.]
300 ## - FİZİKSEL TANIM
Kapsam 310 s.
490 ## - SERİSİ TABLOSU
Seri Beyanı TEZ-KOOP-İŞ Sendikası Eğitim yayınları
Hacim / Ardışık Tanımı 15
651 ## - KONU KATMA GİRİŞ - COĞRAFİ ADI
Coğrafi İsim Türkiye
Genel Alt Bölümü Uluslararası sözleşmeler
Coğrafi Alt Bölümü Sosyal güvenlik
651 ## - KONU KATMA GİRİŞ - COĞRAFİ ADI
Coğrafi İsim Türkiye
Genel Alt Bölümü Uluslararası sözleşmeler
Coğrafi Alt Bölümü İş hukuku
651 ## - KONU KATMA GİRİŞ - COĞRAFİ ADI
Coğrafi İsim Türkiye
Genel Alt Bölümü Uluslararası sözleşmeler
Coğrafi Alt Bölümü Çalışma hayatı
651 ## - KONU KATMA GİRİŞ - COĞRAFİ ADI
Coğrafi İsim Türkiye
Genel Alt Bölümü Anayasa
942 ## - EKLENDİ GİRİŞ ELEMANLARI (KOHA)
Sınıflandırma Veya Raf Düzeni Kaynak Dewey Decimal Classification
Koha Öğesi Türü Books
999 ## - SİSTEM KONTROL NUMARALARI (KOHA)
Koha Biblionumber 6322
Koha Biblioitemnumber 6322
Holdings
Kalıcı Konum Mevcut Konum Edinme Tarihi Edinim Kaynak Toplam Check-Out'Lar Tam Çağrı Numarası Barkod Tarih Son Görülme İtibaren Geçerli Fiyatlar Koha Öğesi Türü
CHP Kütüphanesi CHP Kütüphanesi 10/22/2016 Bağış   341.763026 T39t [t.y.] 005475 10/22/2016 10/22/2016 Books